000
00377nam a2200145Ia 4500
008
231129s1987||||xx |||||||||||||| ||spa||
020
_a
84-270-0330-7
040
_b
spa
082
_a
794.12 V954e
100
_a
Voronkov B.
245
0
_a
Errores típicos
260
_c
1987
264
_a
Ediciones Martínez Roca
942
_2
ddc
_c
BKS
999
_c
13292
_d
13292